00922nam a2200301Ia 4500001000700000003000500007008004100012010001100053040000900064082001300073100007400086245012800160260003900288300001000327440000500337500000500342503000500347650003300352650003700385650004000422901001300462902000600475910000900481942000600490942000700496999001900503952009800522Z_1301CHAP220113s1986 xx 000 0 und d a164389 cCHAP a636.2 I5 aInstituto Interamericano de Cooperación para la Agricultura9138165 aMejoramiento de sistemas de producción bovina de doble propósito en Guatemala : primer informe de progreso /cpor IICA aSan José :bEl Instituto,c1986 a219 h a a a aGanado de carne I.t.9137500 aGanado vacunoxGuatemala 945471 aGanado vacunoxProducción 945506 a636.2 I5 aA a1986 c1 cc1 c164389d164389 00102ddc40708GRALaZbZc3d2005-11-09pz_1360r2022-01-18 00:00:00t1w2022-01-18yLIBRO